| 000 | 01933cam a2200481 i 4500 | ||
|---|---|---|---|
| 001 | 179 | ||
| 003 | Mx-PuUPA | ||
| 005 | 20250929130029.0 | ||
| 008 | 140415s1986 000 0 spa d | ||
| 017 | _aB- 7.966-2013 | ||
| 017 | _aB - 28.778 - 2004 | ||
| 020 | _a9788425423314 | ||
| 020 | _a8425423317 | ||
| 040 |
_aMx-PuUPA _bspa _cMx-PuUPA _dMx-PuUPA _erda |
||
| 041 | 1 |
_aspa _hger _heng |
|
| 043 | _ae------ | ||
| 100 | 1 |
_aFrankl, Viktor E. _q(Viktor Emil), _d1905-1997 _97409 _eautor |
|
| 245 | 1 | 3 |
_aEl hombre en busca de sentido / _cVictor Frankl ; traducción de Christine Kopplehuber y Gabriel Insausti Herrero ; edición y prólogo de José Benigno Freire |
| 250 |
_aEdición de 2004 / _bcompletamente revisada y actualizada |
||
| 264 | 1 |
_aBarcelona, España : _bHerder Editorial, _c2004 |
|
| 300 |
_a158 páginas ; _c22 cm |
||
| 336 |
_2rdacontent _atexto _btxt |
||
| 337 |
_2rdamedia _asin medio _bn |
||
| 338 |
_2rdacarrier _avolumen _bnc |
||
| 500 | _aReimpresiones: (10a reimpresión de la edición 2004) | ||
| 600 | 1 | 4 |
_aFrankl, Viktor e. _d1905-1997 |
| 650 | 7 |
_2armarc _aCampos de concentración _xExperiencia _zEuropa |
|
| 650 | 7 |
_2armarc _aFilosofía sobre vida |
|
| 650 | 7 |
_2armarc _aHolocausto Judío (1939-1945) _xExperiencia |
|
| 700 | 1 |
_aKopplhuber, Christine, _etraductor _91063 |
|
| 700 | 1 |
_aInsausti Herrero, Gabriel, _etraductor |
|
| 700 | 1 |
_aFreire, José Benigno, _eeditor _eprologuista |
|
| 700 | 1 | 2 |
_aFrankl, Viktor, _tEin Psychologe erlebt das Konzentrationslager, _lEspañol |
| 700 | 1 | 2 |
_aFrankl, Viktor, _tMan's Search for Meaning, _lEspañol |
| 700 | 1 | 2 |
_aFrankl, Viktor, _tFrom Death-Camp to Existencialism |
| 740 | 0 | 2 | _aEin Psychologe erlebt das Konzentrationslager |
| 740 | 0 | 2 | _aMan's Search for Meaning |
| 740 | 0 | 2 | _aFrom Death-Camp to Existencialism |
| 942 |
_2ddc _cLI _h150.195 _iF7718 |
||
| 999 |
_c179 _d179 |
||